000 00663nam a2200229 i 4500
001 bg
100 1 _aBugajski, Mirosław.
245 1 0 _aGeosyntetyki w budownictwie drogowym /
_cMirosław Bugajski, Wojciech Grabowski.
260 _aPoznań :
_bWydaw. Politechniki Poznańskiej,
_c1999.
300 _a137 s. :
_bil. ;
_c24 cm.
504 _aBibliogr.
650 9 _aDrogi
_xbudownictwo
_xmateriały
650 9 _aGeosyntetyki
700 1 _aGrabowski, Wojciech
_c(drogownictwo).
020 _a8371431678
040 _cBPK
041 0 _apl
080 _a625.7/.8:691
920 _a83-7143-167-8
942 _cKS
008 s pl f |000 0 pol
999 _c37982
_d37982
856 _uhttp://koha.tu.koszalin.pl/cgi-bin/koha/opac-detail.pl?biblionumber=37982
_yKatalog online BPK